000 00338nam a2200145Ia 4500
008 250515s9999||||xx |||||||||||||| ||und||
020 _a9781542040464
082 _a700
_bBHA/T
100 _aBhagat,Chetan
245 4 _aThe Girl in Room 105
250 _a1st Ed.
260 _aSeattle
_bWestland
_c2018
300 _a304p.
942 _cBK
999 _c48151
_d48151